00864caa a22001697a 4500003000800000008004100008040002600049080000800075100003100083245011200114260014500226300002200371502013500393650006700528650006600595650003300661BI-BuBU140314s2007 bd ||||| |||| 00| 0 fre d aBI-BuBUbfrecBI-BuBU0 a0071 4autaNsabimana, Célestin13aLa communication entre l'homme et les animaux domestique dans le Burundi traditionnelcCélestin Nsabimana aBujumburabUniversité du Burundi, Faculté des lettres et sciences humaines, Département des langues et littératures africainesc2007 a-IX-121 f.c30 cm aMémoire présenté et soutenu publiquement en vue de l'obtention du grade de licencié en langue et littératures africaines 7aHomme. Communication : Animal Domestique. Burundi Traditionnel 7aAnimal Domestique : Homme. Communication Burundi Traditionnel 7aCUD. DataWinIsis. Verhasselt